00345nam a2200097Ia 4500008004100000041000800041100002800049245010000077260005100177999001900228241105s9999 xx 000 0 und d aeng aAdhav Chaitrali9181634 aOffsetting Carbon: Creating Carbon Positive Landscape Design For Public Park At Manas Lake Pune bBNCA-M Arch Landscape ArchitectureaPunec2023 c362070d362070